Filosofía política contemporánea: controversias sobre civilización, imperio y ciudadanía /

Պահպանված է:
Մատենագիտական մանրամասներ
Հիմնական հեղինակ: Boron, Atilio A.
Համատեղ հեղինակ: Consejo Latinoamericano de Ciencias Sociales
Այլ հեղինակներ: comp
Ձևաչափ: Տեքստ
Հրապարակվել է: Buenos Aires: CLACSO
Խորագրեր:
Ցուցիչներ: Ավելացրեք ցուցիչ
Չկան պիտակներ, Եղեք առաջինը, ով նշում է այս գրառումը!

MARC

LEADER 00000 a a2200000 04500
001 28984
003
040
020 |a 950-9231-87-8  
090 |a 190509  
100 |a Boron, Atilio A.  
110 |a Consejo Latinoamericano de Ciencias Sociales  
245 |a Filosofía política contemporánea: controversias sobre civilización, imperio y ciudadanía /  |c Atilio A. Boron 
260 |a Buenos Aires:   |b CLACSO  
300 |a 384 p  
650 |a COSTOS DE LA MANO DE OBRA  
650 |a MARXISMO  
650 |a SINDICALISMO  
650 |a MOVIMIENTOS COOPERATIVOS  
700 |a comp.  
999 |c 10450  |d 10450